000 00629cam a2200217 4500500
005 20260329004945.0
041 _afre
042 _adc
100 1 0 _aPortevin, Catherine
_eauthor
245 0 0 _aUne histoire de la philosophie, t. 1
260 _c2021.
500 _a16
690 _aÉcole de Francfort
690 _aFoi
690 _aHistoire
690 _aJaspers
690 _aRationalité
690 _aSavoir
786 0 _nPhilosophie magazine | 154 | 11 | 2021-11-01 | p. 59-61 | 1951-1787
856 4 1 _uhttps://shs.cairn.info/magazine-philosophie-magazine-2021-11-page-59?lang=fr&redirect-ssocas=7080
999 _c1838909
_d1838909